Southville International School and Colleges
Your cart is empty.
  • Cart
  • Lists
    Public lists Eva Luna New books Lux_list list_1
    Your lists Log in to create your own lists
  • Log in to your account
  • Your cookies
  • Search history
Southville International School and Colleges
  • Advanced search
  • Recent comments
  • Most popular
  • Libraries

Log in to your account

Log in with GOOGLE


If you do not have an external account, but do have a local account, you can still log in:

  1. Home
  2. MARC view: Financial accounting /
Normal view MARC view ISBD view

Financial accounting / (Record no. 15859)

[ view plain ]
MARC details
000 -LEADER
fixed length control field 00735pam a2200265 i 4500
001 - CONTROL NUMBER
control field 393110
003 - CONTROL NUMBER IDENTIFIER
control field OSt
005 - DATE AND TIME OF LATEST TRANSACTION
control field 20140310182756.0
008 - FIXED-LENGTH DATA ELEMENTS--GENERAL INFORMATION
fixed length control field 791205s1980 nyu 001 0 eng
010 ## - LIBRARY OF CONGRESS CONTROL NUMBER
LC control number 79028338
020 ## - INTERNATIONAL STANDARD BOOK NUMBER
International Standard Book Number 0070409218
040 ## - CATALOGING SOURCE
Original cataloging agency DLC
Transcribing agency DLC
Modifying agency DLC
050 00 - LIBRARY OF CONGRESS CALL NUMBER
Classification number HF 5635
Item number .M4325 1980
100 1# - MAIN ENTRY--PERSONAL NAME
Personal name Matulich, Serge.
245 10 - TITLE STATEMENT
Title Financial accounting /
Statement of responsibility, etc Serge Matulich, Lester E. Heitger.
260 ## - PUBLICATION, DISTRIBUTION, ETC. (IMPRINT)
Place of publication, distribution, etc New York :
Name of publisher, distributor, etc McGraw-Hill,
Date of publication, distribution, etc 1980.
300 ## - PHYSICAL DESCRIPTION
Extent xx, 868 p. :
Dimensions 25 cm.
Other physical details ill. ;
500 ## - GENERAL NOTE
General note Includes index.
521 ## - TARGET AUDIENCE NOTE
Target audience note
650 #0 - SUBJECT ADDED ENTRY--TOPICAL TERM
Topical term or geographic name as entry element Accounting.
700 1# - ADDED ENTRY--PERSONAL NAME
Personal name Heitger, Lester E.,
Relator term joint author.
906 ## - LOCAL DATA ELEMENT F, LDF (RLIN)
a 7
b cbc
c orignew
d 1
e ocip
f 19
g y-gencatlg
942 ## - ADDED ENTRY ELEMENTS (KOHA)
Source of classification or shelving scheme Library of Congress Classification
Koha item type Books
Call number prefix Foreign
Holdings
Withdrawn status Lost status Source of classification or shelving scheme Damaged status Home library Current library Shelving location Date acquired Total Checkouts Full call number Barcode Date last seen Copy number Price effective from Koha item type
    Library of Congress Classification   College Library College Library General Circulation Section 02/06/2013   HF 5635 .M4325 1980 C5723 05/15/2018 1 02/06/2013 Books

Financial accounting /

APA

Matulich S., Heitger L. E., . (1980). Financial accounting. New York: McGraw-Hill.

Chicago

Matulich Serge, Heitger Lester E, . 1980. Financial accounting. New York: McGraw-Hill.

Harvard

Matulich S., Heitger L. E., . (1980). Financial accounting. New York: McGraw-Hill.

MLA

Matulich Serge, Heitger Lester E, . Financial accounting. New York: McGraw-Hill. 1980.

  • Place hold
  • Print
  • Cite
  • Add to your cart (remove)
  • Save record
    BIBTEX Dublin Core MARCXML MARC (non-Unicode/MARC-8) MARC (Unicode/UTF-8) MARC (Unicode/UTF-8, Standard) MODS (XML) RIS
  • More searches
    Search for this title in:
    Other Libraries (WorldCat) Other Databases (Google Scholar) Online Stores (Bookfinder.com) Open Library (openlibrary.org)

Exporting to Dublin Core...

SOUTHVILLE LIBRARY

Southville International School and Colleges Library

1281 Tropical Ave. Cor. Luxembourg St., BF Homes International, Las Pinas City

Tel. No. 8256374 / 252358 Loc. 117/146

Powered by Koha